[Event "Ì17Ï"]
[Site "Loo"]
[Date "2017.04.25"]
[Round "6.35"]
[White "Ôîøåíêî, Êèðèëë."]
[Black "Ìóðàòîâ, Ìàêñèì."]
[Result "1/2-1/2"]
[WhiteElo "1849"]
[BlackElo "1581"]
[PlyCount "60"]
[EventDate "2017.04.20"]

1. d4 Nf6 2. c4 c5 3. d5 b5 4. cxb5 a6 5. bxa6 Bxa6 6. Nc3 g6 7. Nf3 Bg7 8. e4
Bxf1 9. Kxf1 d6 10. h3 O-O 11. Kg1 Nbd7 12. Kh2 Qa5 13. Re1 Nb6 14. Re2 Nfd7
15. Rc2 Na4 16. Nxa4 Qxa4 17. Qe2 Rfb8 18. b3 Qa6 19. Qxa6 Rxa6 20. Bb2 Nf6 21.
Nd2 c4 22. Rxc4 Nxe4 23. Bxg7 Nxd2 24. Rc2 Kxg7 25. Rxd2 Rxb3 26. axb3 Rxa1 27.
Kg3 Rb1 28. Rd3 f5 29. Kf4 Rb2 30. Ke3 Kf6 {äàëåå çàïèñü íåðàçáîð~~èâà} 1/2-1/2

[Event "Ì17Ï"]
[Site "Loo"]
[Date "2017.04.25"]
[Round "6.36"]
[White "Íàóðáèåâ, Àõìåä."]
[Black "Øóøàêîâ, Àíäðåé."]
[Result "1-0"]
[WhiteElo "1707"]
[BlackElo "1558"]
[PlyCount "61"]
[EventDate "2017.04.20"]

1. e4 c6 2. d4 d5 3. e5 Bf5 4. Nc3 e6 5. g4 Bg6 6. h4 h5 7. g5 c5 8. dxc5 Bxc5
9. Bd3 Ne7 10. Nh3 Nbc6 11. Qe2 a6 12. Bf4 Qb6 13. O-O-O Nd4 14. Qd2 Nf3 15.
Qe2 Nxh4 16. Na4 Qc6 17. Nxc5 Qxc5 18. Be3 Qc7 19. Nf4 Nhf5 20. Nxg6 fxg6 21.
Bd2 O-O 22. Bb4 Rac8 23. Kb1 Rf7 24. Bd6 Nxd6 25. exd6 Qxd6 26. c4 Nf5 27. Rhe1
Rc6 28. Be4 Qe5 29. cxd5 Rd6 30. dxe6 Rxe6 31. Qd2 1-0

[Event "Ì17Ï"]
[Site "Loo"]
[Date "2017.04.25"]
[Round "6.37"]
[White "Êóðáàíîâ, Íàðèìàí."]
[Black "Äîáðûíèí, ßðîñëàâ."]
[Result "1/2-1/2"]
[WhiteElo "1614"]
[BlackElo "1662"]
[PlyCount "71"]
[EventDate "2017.04.20"]

1. e4 e5 2. Nf3 Nc6 3. d4 exd4 4. Nxd4 Bc5 5. Nb3 Bb6 6. Nc3 d6 7. Qe2 h6 8.
Be3 Nf6 9. f3 Be6 10. O-O-O Qe7 11. Kb1 O-O-O 12. Bxb6 axb6 13. Nd4 Nxd4 14.
Rxd4 Nd7 15. Qb5 Nc5 16. Bc4 Bd7 17. Qb4 Ne6 18. Rdd1 Bc6 19. Bd5 Bxd5 20. Nxd5
Qd7 21. e5 Kb8 22. Nc3 Qc6 23. exd6 Rxd6 24. Rxd6 Qxd6 25. Qxd6 cxd6 26. Rd1
Rd8 27. Nb5 d5 28. c3 Kc8 29. Kc2 Rd7 30. Nd4 Kc7 31. g3 Kd8 32. Nf5 Kc7 33.
Nd4 Kd8 34. Nf5 Kc7 35. Nd4 Kd8 36. Nf5 1/2-1/2

[Event "Ì17Ï"]
[Site "Loo"]
[Date "2017.04.25"]
[Round "6.38"]
[White "Êîêóåâ, Èëüÿ."]
[Black "Êóðèíîâ, Þðèé."]
[Result "0-1"]
[WhiteElo "1548"]
[BlackElo "1254"]
[PlyCount "56"]
[EventDate "2017.04.20"]

1. e4 d5 2. exd5 Qxd5 3. Nf3 Nf6 4. d4 Bf5 5. c4 Qd8 6. Nc3 e6 7. a3 Be7 8. Be2
O-O 9. O-O c6 10. Bf4 Nbd7 11. b4 Nb6 12. h3 a5 13. Qb3 axb4 14. axb4 Qd7 15.
Rfd1 Ne4 16. Nxe4 Bxe4 17. Ne5 Qd8 18. Bf3 Bxf3 19. Nxf3 Bf6 20. Qc3 Qe7 21.
Be3 Nd7 22. Ra3 Nb6 23. Rda1 Qc7 24. Qd3 Rad8 25. Qe2 Qe7 26. Rb1 Ra8 27. Ra5
Rfd8 28. Qc2 Qd7 0-1

[Event "Ì17Â"]
[Site "Loo"]
[Date "2017.04.25"]
[Round "6.1"]
[White "Ãàéôóëëèí, Àðòóð."]
[Black "Ñàëåìãàðååâ, Òàãèð."]
[Result "1-0"]
[WhiteElo "2395"]
[BlackElo "2334"]
[PlyCount "91"]
[EventDate "2017.04.20"]

1. d4 Nf6 2. Nf3 e6 3. c4 Bb4+ 4. Bd2 Qe7 5. g3 Nc6 6. Nc3 O-O 7. Bg2 Bxc3 8.
Bxc3 Ne4 9. Rc1 d6 10. O-O Nxc3 11. Rxc3 e5 12. d5 Nb8 13. e4 a5 14. Ne1 Na6
15. Ra3 Nb4 16. Nd3 Bd7 17. Qd2 Nxd3 18. Qxd3 Rfc8 19. f4 c5 20. Qd2 a4 21. f5
f6 22. h4 Rcb8 23. g4 b5 24. g5 bxc4 25. Rg3 Rb7 26. Rf2 Rab8 27. Qc1 Rb4 28.
Kh2 Kf8 29. h5 Be8 30. h6 R8b7 31. g6 gxh6 32. g7+ Kg8 33. Qxh6 Qf7 34. Rh3
Qxg7 35. Rg3 Bg6 36. Qc1 Kf8 37. fxg6 hxg6 38. Qg5 Ke7 39. Qxg6 Qxg6 40. Rxg6
Rxb2 41. Rfxf6 c3 42. Rf3 c2 43. Rg7+ Ke8 44. Rg8+ Ke7 45. Rgf8 c1=Q 46. R3f7#
1-0

[Event "Ì17Â"]
[Site "Loo"]
[Date "2017.04.25"]
[Round "6.2"]
[White "Êàðïåíêî, Àðòåì."]
[Black "Ìàëûøåâ, Ãðèãîðèé."]
[Result "1-0"]
[WhiteElo "2362"]
[BlackElo "2383"]
[PlyCount "85"]
[EventDate "2017.04.20"]

1. d4 Nf6 2. g3 e6 3. Bg2 c5 4. Nf3 d5 5. O-O cxd4 6. Nxd4 e5 7. Nb3 Be6 8. Bg5
Nbd7 9. N3d2 Be7 10. c4 O-O 11. Nc3 dxc4 12. Bxb7 Rb8 13. Ba6 Qc7 14. Bb5 Rfd8
15. Qc2 Nf8 16. Rfd1 a6 17. Ba4 Qb6 18. Bxf6 Bxf6 19. Nde4 Be7 20. Rxd8 Rxd8
21. Rd1 Rd4 22. Nd2 Nd7 23. Bxd7 Rxd7 24. Nxc4 Rxd1+ 25. Nxd1 Qd4 26. Nde3 g6
27. b3 f6 28. Qd2 Qa1+ 29. Kg2 Qb1 30. Qa5 Qe4+ 31. f3 Qd4 32. Qxa6 Bf7 33.
Qc8+ Bf8 34. Ng4 Qd1 35. Kf2 Kg7 36. Nce3 Qa1 37. Nxf6 Bb4 38. Nc2 Qxa2 39.
Nxb4 Qxb3 40. Nd3 Qb6+ 41. Qc5 Qxc5+ 42. Nxc5 Kxf6 43. Nd7+ 1-0

[Event "Ì17Â"]
[Site "Loo"]
[Date "2017.04.25"]
[Round "6.3"]
[White "Àñòàôóðîâ, Àðñåíèé."]
[Black "Áûêîâ, Îëåã."]
[Result "1/2-1/2"]
[WhiteElo "2163"]
[BlackElo "2314"]
[PlyCount "108"]
[EventDate "2017.04.20"]

1. Nf3 Nf6 2. g3 d5 3. Bg2 g6 4. O-O Bg7 5. d4 O-O 6. c4 c6 7. cxd5 cxd5 8. Ne5
Bf5 9. Nc3 Nc6 10. Bf4 Rc8 11. Nxc6 Rxc6 12. Be5 Ne4 13. Bxg7 Kxg7 14. Nxe4
dxe4 15. d5 Rc4 16. b3 Rb4 17. Qd2 Qb6 18. Rfd1 Rd8 19. h3 Kg8 20. Rac1 Be6 21.
Qf4 Bxd5 22. Qc7 Qxc7 23. Rxc7 e6 24. Rc4 Rb5 25. Bxe4 Re8 26. Bxd5 exd5 27.
Rc2 Kg7 28. e3 Kf6 29. Kf1 Ke6 30. Ke2 Kd6 31. Kd3 Rb6 32. Rdc1 Rc6 33. f3 f5
34. Kd4 Rec8 35. Rxc6+ bxc6 36. Rc5 Rb8 37. Ra5 Rb4+ 38. Kc3 Rb7 39. Ra6 g5 40.
b4 Kc7 41. a4 h5 42. b5 cxb5 43. axb5 Rxb5 44. Rxa7+ Kd6 45. Rg7 g4 46. hxg4
hxg4 47. fxg4 fxg4 48. Rxg4 Ke5 49. Rf4 Ra5 50. Kd3 Ra2 51. g4 Rg2 52. Rf5+ Ke6
53. Rg5 Kf6 54. Rxd5 Rxg4 1/2-1/2

[Event "Ì17Â"]
[Site "Loo"]
[Date "2017.04.25"]
[Round "6.4"]
[White "ßøìåòîâ, Ìèõàèë."]
[Black "Ýðãåøîâ, Òèìóð."]
[Result "0-1"]
[WhiteElo "2322"]
[BlackElo "2326"]
[PlyCount "114"]
[EventDate "2017.04.20"]

1. Nf3 Nf6 2. b3 g6 3. Bb2 Bg7 4. g3 b6 5. Bg2 Bb7 6. O-O O-O 7. c4 c5 8. d3
Nc6 9. Nc3 d5 10. Nd2 d4 11. Nce4 Ne8 12. f4 e6 13. g4 f5 14. Ng5 Nc7 15. gxf5
exf5 16. Qe1 Re8 17. Qf2 h6 18. Nh3 Qd6 19. Bf3 Rad8 20. Qg2 Ba8 21. a3 Re7 22.
Kh1 Rde8 23. Rae1 Kh7 24. Rf2 Na5 25. Bxa8 Nxa8 26. Rg1 Re6 27. Ba1 Nc7 28. Rb1
Nc6 29. Rg1 Nb8 30. Nf3 Nd7 31. Nh4 Rf8 32. Bb2 Rf7 33. Bc1 Nf8 34. Nf3 Rfe7
35. Nh4 Ne8 36. Qf3 Qc6 37. Qxc6 Rxc6 38. Nf3 Rce6 39. Re1 Nf6 40. Ne5 N8d7 41.
Nxd7 Rxd7 42. Ng1 Bf8 43. h3 Nh5 44. Kg2 Bd6 45. Kf3 Be7 46. Rd1 Bh4 47. Rff1
Rde7 48. e3 dxe3 49. Ne2 Bf6 50. d4 cxd4 51. Rd3 Re4 52. Bb2 g5 53. Bxd4 Bxd4
54. Rxd4 Nxf4 55. Rxe4 Rxe4 56. Nc3 Re6 57. Re1 e2 0-1

[Event "Ì17Â"]
[Site "Loo"]
[Date "2017.04.25"]
[Round "6.5"]
[White "Ôàõðóòäèíîâ, Òèìóð."]
[Black "Æèòíèêîâ, Êîíñòàíòèí."]
[Result "1/2-1/2"]
[WhiteElo "2437"]
[BlackElo "2262"]
[PlyCount "120"]
[EventDate "2017.04.20"]

1. e4 c6 2. d4 d5 3. Nc3 dxe4 4. Nxe4 Bf5 5. Ng3 Bg6 6. h4 h6 7. Nf3 Nd7 8. h5
Bh7 9. Bd3 Bxd3 10. Qxd3 e6 11. Bd2 Ngf6 12. O-O-O Be7 13. Ne4 Nxe4 14. Qxe4
Nf6 15. Qe2 Qd5 16. c4 Qe4 17. Qxe4 Nxe4 18. Be3 f5 19. Kc2 O-O 20. Rhf1 Rfd8
21. Ne5 Nf6 22. Rh1 Bd6 23. f3 Rac8 24. Nd3 Kf7 25. Bf2 Re8 26. Rde1 Nd7 27.
Ne5+ Nxe5 28. dxe5 Bb8 29. Bh4 Rf8 30. Rd1 Bxe5 31. Rd7+ Kg8 32. Rxb7 Rb8 33.
Rxb8 Rxb8 34. b3 Bd4 35. Rd1 c5 36. Bg3 e5 37. Rxd4 cxd4 38. Bxe5 Rd8 39. Kd3
Kf7 40. b4 Rg8 41. b5 g6 42. hxg6+ Rxg6 43. g3 Ke6 44. Kxd4 Rg8 45. Bf4 Rd8+
46. Kc3 Rd1 47. Bxh6 Rf1 48. Bf4 Rxf3+ 49. Kb4 Kd7 50. a4 Kc8 51. a5 Kb7 52.
a6+ Ka8 53. Bc7 f4 54. c5 fxg3 55. b6 axb6 56. cxb6 Rf8 57. Bxg3 Rf4+ 58. Kc5
Rc4+ 59. Kd5 Rb4 60. Bf2 Rxb6 1/2-1/2

[Event "Ì17Â"]
[Site "Loo"]
[Date "2017.04.25"]
[Round "6.6"]
[White "Ôàõðåòäèíîâ, Ðèíàò."]
[Black "Ëîáàíîâ, Ñåðãåé."]
[Result "0-1"]
[WhiteElo "2248"]
[BlackElo "2429"]
[PlyCount "96"]
[EventDate "2017.04.20"]

1. d4 Nf6 2. c4 e6 3. Nf3 b6 4. a3 c5 5. d5 Ba6 6. Qc2 exd5 7. cxd5 g6 8. Nc3
Bg7 9. e4 Bxf1 10. Kxf1 O-O 11. g3 d6 12. Kg2 Nbd7 13. Bf4 Ne8 14. Rad1 a6 15.
a4 Qe7 16. Rhe1 f6 17. Qb3 Nc7 18. Nd2 Ne5 19. Bxe5 fxe5 20. Nc4 b5 21. Na5 Qf6
22. Qc2 Rf7 23. Rf1 Qf3+ 24. Kg1 c4 25. Qe2 Raf8 26. Qxf3 Rxf3 27. Kg2 Bh6 28.
Ne2 Rd3 29. b3 Rd2 30. Rde1 Rb2 31. Ng1 c3 32. Ne2 Bd2 33. Ra1 c2 34. Nb7 Rb8
35. Nxd6 Bb4 36. axb5 axb5 37. Nxb5 Nxb5 38. Nc1 Nd4 39. Nd3 Rxb3 40. Nxe5 Bd2
41. Nd7 Rc8 42. Ra7 Bg5 43. h4 Bd8 44. e5 Rb1 45. e6 Rxf1 46. e7 Bxe7 47. d6
c1=Q 48. dxe7 Qc6+ 0-1

[Event "Ì17Â"]
[Site "Loo"]
[Date "2017.04.25"]
[Round "6.7"]
[White "Àáðàìîâ, Íèêèòà."]
[Black "Âàñèë¸íîê, Àíòîí."]
[Result "1/2-1/2"]
[WhiteElo "2340"]
[BlackElo "2174"]
[PlyCount "60"]
[EventDate "2017.04.20"]

1. e4 c5 2. Nf3 d6 3. Bb5+ Nd7 4. d4 cxd4 5. Qxd4 a6 6. Bxd7+ Bxd7 7. O-O e5 8.
Qd3 h6 9. b3 Nf6 10. c4 Qc7 11. Nc3 Be6 12. a4 Be7 13. Ba3 O-O 14. Nd5 Bxd5 15.
cxd5 Rfc8 16. Rfc1 Qd7 17. Nd2 b5 18. axb5 axb5 19. Bb4 Rxa1 20. Rxa1 Bd8 21.
g3 Bb6 22. Kg2 Ng4 23. Rf1 Rc1 24. Rxc1 Nxf2 25. Qc2 Qh3+ 26. Kf3 Qg4+ 27. Kg2
Qh3+ 28. Kf3 Qg4+ 29. Kg2 Qh3+ 30. Kf3 Qg4+ 1/2-1/2

[Event "Ì17Â"]
[Site "Loo"]
[Date "2017.04.25"]
[Round "6.8"]
[White "Êàëàáóõîâ, Áîãäàí."]
[Black "Ìíàöàêàíÿí, Àðñåí."]
[Result "1/2-1/2"]
[WhiteElo "2263"]
[BlackElo "2274"]
[PlyCount "81"]
[EventDate "2017.04.20"]

1. d4 c5 2. d5 e6 3. c4 exd5 4. cxd5 Nf6 5. Nc3 d6 6. g3 g6 7. Bg2 Bg7 8. Nf3
O-O 9. O-O Bd7 10. e4 Re8 11. Re1 Bg4 12. h3 Bxf3 13. Qxf3 Nbd7 14. Qe2 a6 15.
a4 Rc8 16. Be3 Qa5 17. Kh2 Qc7 18. f4 Rb8 19. a5 Nf8 20. g4 N6d7 21. Rec1 Qd8
22. g5 f6 23. h4 fxg5 24. hxg5 h6 25. gxh6 Qh4+ 26. Bh3 Bxc3 27. Rxc3 Rxe4 28.
Qf3 Nf6 29. h7+ Qxh7 30. Rg1 Rbe8 31. f5 Nxd5 32. fxg6 Qe7 33. Rc4 Qf6 34. Rxe4
Qxf3 35. Rxe8 Nxe3 36. g7 Qf2+ 37. Kh1 Qf3+ 38. Kh2 Qf2+ 39. Kh1 Qf3+ 40. Kh2
Qf2+ 41. Kh1 1/2-1/2

[Event "Ì17Â"]
[Site "Loo"]
[Date "2017.04.25"]
[Round "6.9"]
[White "Ñóâîðîâ, Àëåêñàíäð."]
[Black "Ãàñàíîâ, Çàóð."]
[Result "1-0"]
[WhiteElo "2107"]
[BlackElo "2264"]
[PlyCount "76"]
[EventDate "2017.04.20"]

1. e4 c6 2. Nf3 d5 3. Nc3 Nf6 4. e5 Ne4 5. Ne2 Qb6 6. Ned4 c5 7. Ne2 c4 8. Ned4
Nc6 9. d3 cxd3 10. Qxd3 e6 11. c3 Bc5 12. Be2 O-O 13. O-O a5 14. Rb1 Bxd4 15.
cxd4 Nb4 16. Qa3 Bd7 17. Be3 Bb5 18. Bxb5 Qxb5 19. Rfc1 Rfc8 20. Ne1 h6 21. f3
Ng5 22. Rc3 Qe2 23. Bf2 Rc4 24. Rbc1 b5 25. Qb3 a4 26. Qa3 Rac8 27. Qxb4 Rxb4
28. Rxc8+ Kh7 29. R8c2 Rxb2 30. Rxe2 Rxe2 31. h4 Rxa2 32. Rb1 Ne4 33. fxe4 dxe4
34. Rxb5 a3 35. Ra5 Kg6 36. Kf1 Kf5 37. d5 exd5 38. Rxd5 Kg6 {
çàïèñü íåðàçáîð~~èâà} 1-0

[Event "Ì17Â"]
[Site "Loo"]
[Date "2017.04.25"]
[Round "6.10"]
[White "Ðóäåíêî, Íàóì."]
[Black "Ñàèäîâ, Áèëóõàæ."]
[Result "1/2-1/2"]
[WhiteElo "2263"]
[BlackElo "2209"]
[PlyCount "89"]
[EventDate "2017.04.20"]

1. e4 c5 2. Nf3 d6 3. d4 cxd4 4. Qxd4 e5 5. Qd1 Nf6 6. Nc3 h6 7. Bc4 Be7 8. O-O
Bg4 9. h3 Bh5 10. g4 Bg6 11. Nh4 Bh7 12. Nf5 O-O 13. Be3 Nc6 14. Qd2 Rc8 15.
Bd5 Bxf5 16. gxf5 Nh5 17. Ne2 Bg5 18. c3 Bf4 19. Nxf4 exf4 20. Bxf4 Ne5 21. f3
Nxf4 22. Qxf4 Qb6+ 23. Kh1 Qxb2 24. Rg1 Nd3 25. Qg3 Nf2+ 26. Kh2 Nxe4+ 27. Qg2
Qxg2+ 28. Rxg2 Nf6 29. Bb3 Rxc3 30. Rag1 Rxf3 31. Rxg7+ Kh8 32. Bxf7 Rxf5 33.
Bb3 Rf2+ 34. Kh1 Rf3 35. Kh2 Ne4 36. Rxb7 Ng5 37. Rg3 Rf1 38. Bd5 R1f2+ 39. Rg2
R2f5 40. Rd2 Rf3 41. Rxa7 Rxh3+ 42. Kg2 Rh4 43. Rd7 Rg4+ 44. Kh2 Rh4+ 45. Kg3 {
çàïèñü íåðàçáîð~~èâà} 1/2-1/2

[Event "Ì17Â"]
[Site "Loo"]
[Date "2017.04.25"]
[Round "6.11"]
[White "Ãðèãîðüåâ, Èëüÿ."]
[Black "Êîíîíîâ, Âëàäèñëàâ."]
[Result "0-1"]
[WhiteElo "2309"]
[BlackElo "2092"]
[PlyCount "116"]
[EventDate "2017.04.20"]

1. a3 e5 2. b4 d5 3. Bb2 Bd6 4. g3 Nf6 5. Bg2 O-O 6. d3 c6 7. c4 a5 8. c5 Bc7
9. Nf3 Qe7 10. O-O Na6 11. Qb3 Rb8 12. d4 e4 13. Ne1 b6 14. Qc3 bxc5 15. bxc5
Bg4 16. Qc2 Nd7 17. f3 exf3 18. exf3 Bf5 19. Qxf5 Rxb2 20. Qd3 Qe2 21. Nc3 Qxd3
22. Nxd3 Rb3 23. Rfc1 Rfb8 24. Bf1 Bd8 25. f4 Nc7 26. Bh3 Bf6 27. Ne5 Nxe5 28.
dxe5 Be7 29. Na4 Ne6 30. f5 Nd4 31. Ra2 Nf3+ 32. Kg2 Nxe5 33. Nb6 Nd3 34. Rd1
Nxc5 35. Nc8 Bf6 36. Na7 R8b6 37. Rc2 Rc3 38. Rdc1 Ne4 39. Rxc3 Nxc3 40. Re1
Kf8 41. Nc8 Rb2+ 42. Kf3 Ne4 43. Na7 Rxh2 44. Bf1 Rc2 45. Kg4 Rc3 46. Rb1 Rxg3+
47. Kf4 Rc3 48. Rb8+ Ke7 49. Rb7+ Kd6 50. Rxf7 Be5+ 51. Kg4 Rg3+ 52. Kh4 Bf6+
53. Kh5 Rg5+ 54. Kh4 Rxf5+ 55. Kh3 Rxf1 56. Rb7 Rf3+ 57. Kg4 Rg3+ 58. Kf4 Be5+
0-1

[Event "Ì17Â"]
[Site "Loo"]
[Date "2017.04.25"]
[Round "6.12"]
[White "Ñåëèâàíîâ, Èâàí."]
[Black "Ëèëîâ, Àëåêñàíäð."]
[Result "1-0"]
[WhiteElo "2259"]
[BlackElo "2088"]
[PlyCount "32"]
[EventDate "2017.04.20"]

1. e4 e5 2. Nf3 Nc6 3. Bb5 f5 4. d4 fxe4 5. Nxe5 Nxe5 6. dxe5 c6 7. Nc3 cxb5 8.
Nxe4 d5 9. exd6 Nf6 10. Bg5 Qa5+ 11. Nc3 Be6 12. Bxf6 gxf6 13. Qh5+ Kd7 14.
O-O-O f5 15. Rhe1 Re8 16. Rxe6 Bh6+ 1-0

[Event "Ì17Â"]
[Site "Loo"]
[Date "2017.04.25"]
[Round "6.13"]
[White "Ãëóõîâ, Äìèòðèé."]
[Black "Ìåñíÿíêèí, Íèêèòà."]
[Result "0-1"]
[WhiteElo "2028"]
[BlackElo "2204"]
[PlyCount "142"]
[EventDate "2017.04.20"]

1. d4 d5 2. c4 e6 3. Nf3 Nf6 4. g3 Be7 5. Bg2 O-O 6. O-O dxc4 7. Ne5 Nc6 8.
Nxc6 bxc6 9. Na3 Bxa3 10. bxa3 Ba6 11. Qd2 Rb8 12. Qa5 Rb6 13. a4 c3 14. Ba3
Re8 15. Bc5 Bxe2 16. Rfe1 Ra6 17. Qxc3 Bh5 18. Qc4 Qc8 19. Bf1 Ra5 20. Qb4 Ra6
21. Bxa6 Qxa6 22. Rab1 Qd3 23. Qb7 Qf3 24. Qxc7 Ne4 25. Qf4 Qxf4 26. gxf4 Nd2
27. Bxa7 Bg6 28. Rb4 Nf3+ 29. Kf1 Bd3+ 30. Re2 Ra8 31. Bb6 Kf8 32. a5 Ke8 33.
h3 Ra6 34. Rb3 Nd2+ 35. Ke1 Nxb3 36. Re3 Nxa5 37. Bxa5 Rxa5 38. Rxd3 Rxa2 39.
Kf1 Kd7 40. Kg2 Kd6 41. Rb3 Ra7 42. Kf3 f6 43. Ke4 h5 44. h4 g6 45. Rc3 Ra2 46.
Ke3 Ra1 47. Kf3 Rd1 48. Rc4 Kd5 49. Rc5+ Kd6 50. Rc4 Rh1 51. Kg3 Rg1+ 52. Kf3
Rg4 53. Rc1 Rxh4 54. Kg3 Rg4+ 55. Kf3 g5 56. fxg5 fxg5 57. Rh1 Rf4+ 58. Ke3 h4
59. Rg1 h3 60. Rxg5 Rh4 61. Rg1 h2 62. Rh1 Kd5 63. f3 Rh3 64. Ke2 Kxd4 65. Kd2
c5 66. Ke2 c4 67. Kd2 c3+ 68. Ke2 Kc4 69. Ke3 Kb3 70. Ke2 c2 71. Kd2 Kb2 0-1

[Event "Ì17Â"]
[Site "Loo"]
[Date "2017.04.25"]
[Round "6.14"]
[White "Ìàð÷óê, Ðîñòèñëàâ."]
[Black "Øèíêåâè÷, Ìàêñèì."]
[Result "1-0"]
[WhiteElo "2187"]
[BlackElo "2020"]
[PlyCount "120"]
[EventDate "2017.04.20"]

1. d4 Nf6 2. Nf3 g6 3. c4 Bg7 4. Nc3 d6 5. Bg5 h6 6. Bh4 g5 7. Bg3 Nh5 8. e3 c5
9. d5 Na6 10. Nd2 Nxg3 11. hxg3 Bd7 12. Bd3 Qa5 13. Qb3 Qb4 14. Qc2 Qa5 15. Nb3
Qd8 16. a3 Nc7 17. Nd2 a6 18. f4 b5 19. Kf2 g4 20. Rh5 Qc8 21. e4 Qb7 22. e5
bxc4 23. Bxc4 dxe5 24. fxe5 Bb5 25. Ba2 Qb6 26. a4 Qg6 27. Qxg6 fxg6 28. Rh4
Bd7 29. e6 Bc8 30. Rxg4 Rb8 31. Rb1 Rb4 32. Rxg6 O-O+ 33. Kg1 Kh7 34. Rxg7+
Kxg7 35. Nde4 c4 36. d6 exd6 37. e7 Rh8 38. Nxd6 Be6 39. Re1 Kf6 40. Re2 Kxe7
41. Nxc4 Kf6 42. Rf2+ Kg7 43. Ne5 Rf8 44. Rd2 Bxa2 45. Nxa2 Rxa4 46. b3 Re4 47.
Rd7+ Kf6 48. Nf3 Nb5 49. Rb7 Rc8 50. Rb6+ Re6 51. Rb7 Nd6 52. Rh7 Kg6 53. Ra7
Ne4 54. Nb4 Rc1+ 55. Kh2 Nf2 56. g4 Nxg4+ 57. Kg3 Nf6 58. Nd3 Nh5+ 59. Kh2 Rc3
60. Nde5+ Kf6 1-0

[Event "Ì17Â"]
[Site "Loo"]
[Date "2017.04.25"]
[Round "6.15"]
[White "Áîãäàíîâ, Íèêèòà."]
[Black "Ìåñòíèêîâ, Àéòàë."]
[Result "1-0"]
[WhiteElo "2073"]
[BlackElo "2163"]
[PlyCount "95"]
[EventDate "2017.04.20"]

1. e4 c5 2. Nf3 d6 3. d4 cxd4 4. Nxd4 Nf6 5. Nc3 e6 6. g4 h6 7. h4 a6 8. Rg1
Nfd7 9. g5 hxg5 10. hxg5 g6 11. Be3 b5 12. Qd2 Bb7 13. a3 Nc5 14. Bg2 Nbd7 15.
b4 Na4 16. Nxa4 bxa4 17. f4 Qc7 18. f5 e5 19. Ne2 Rc8 20. Rc1 Rh2 21. f6 Nb6
22. Bxb6 Qxb6 23. Qd3 a5 24. Qg3 Rh5 25. Bf3 Rh7 26. c3 Rc4 27. Qf2 Qxf2+ 28.
Kxf2 Bxe4 29. Rg4 Bd3 30. Rxc4 Bxc4 31. Rd1 e4 32. Bxe4 Rh2+ 33. Bg2 d5 34. Nf4
axb4 35. cxb4 Bb3 36. Re1+ Kd7 37. Kg3 Rh7 38. Bxd5 Bxd5 39. Nxd5 Bd6+ 40. Kg4
Kc6 41. Nc3 Rh2 42. Ne4 Rg2+ 43. Kf3 Ra2 44. Rc1+ Kd7 45. Rd1 Rxa3+ 46. Kg4 Ke6
47. Rxd6+ Ke5 48. Nd2 1-0

[Event "Ì17Â"]
[Site "Loo"]
[Date "2017.04.25"]
[Round "6.16"]
[White "Ãóðüÿíîâ, Äàíèë."]
[Black "Ãåéâîíäÿí, Àðñåí."]
[Result "1/2-1/2"]
[WhiteElo "2116"]
[BlackElo "1945"]
[PlyCount "80"]
[EventDate "2017.04.20"]

1. e4 e6 2. d4 d5 3. Nc3 Bb4 4. e5 Qd7 5. a3 Bxc3+ 6. bxc3 b6 7. Qg4 f5 8. Qg3
Ba6 9. Bxa6 Nxa6 10. a4 Nb8 11. Nf3 Nc6 12. O-O O-O-O 13. Nd2 Nge7 14. Nb3 Kb8
15. a5 h6 16. axb6 cxb6 17. f4 Rdg8 18. Ba3 g5 19. Qd3 Nc8 20. c4 dxc4 21. Qxc4
gxf4 22. Rxf4 Rg5 23. Rb1 Ka8 24. Qe2 Rhg8 25. g3 N8e7 26. Bxe7 Nxe7 27. c4 Rg4
28. Qf3+ Nc6 29. Rc1 Rxf4 30. Qxf4 Rg4 31. Qxh6 Rxd4 32. Nxd4 Qxd4+ 33. Kg2
Nxe5 34. Qxe6 Qe4+ 35. Kh3 Qg4+ 36. Kg2 Qe4+ 37. Kh3 Qg4+ 38. Kg2 Qe4+ 39. Kh3
Qg4+ 40. Kg2 Qe4+ 1/2-1/2

[Event "Ì17Â"]
[Site "Loo"]
[Date "2017.04.25"]
[Round "6.17"]
[White "Ëåîíîâ, Îëåã."]
[Black "Ïàâëîâ, Äàíèëà."]
[Result "0-1"]
[WhiteElo "1835"]
[BlackElo "2253"]
[PlyCount "110"]
[EventDate "2017.04.20"]

1. e4 e6 2. d4 d5 3. Nd2 c5 4. exd5 Qxd5 5. Ngf3 cxd4 6. Bc4 Qd6 7. O-O Nf6 8.
Nb3 Nc6 9. Nbxd4 Nxd4 10. Nxd4 a6 11. Re1 Qc7 12. Qe2 Bd6 13. Bg5 O-O 14. Bxf6
gxf6 15. h3 Kh8 16. Bd3 f5 17. Qh5 Rg8 18. Nf3 Bf4 19. Qh4 Rg6 20. g3 Bd7 21.
Kh2 Bd6 22. Ng5 Rg7 23. f4 Rag8 24. Rad1 Bc6 25. c3 Be7 26. Bf1 Bxg5 27. fxg5
Rxg5 28. Qd4+ R8g7 29. Qd8+ Qxd8 30. Rxd8+ Rg8 31. Rxg8+ Rxg8 32. Rd1 Rc8 33.
c4 Kg7 34. b4 Kf6 35. Kg1 Ke5 36. Kf2 f4 37. Re1+ Be4 38. gxf4+ Kxf4 39. Rd1
Rc7 40. Rd2 Bc6 41. b5 axb5 42. cxb5 Be4 43. a4 b6 44. Ra2 Ra7 45. Be2 e5 46.
Ra3 f5 47. Bd1 Rg7 48. a5 bxa5 49. Rxa5 Rg2+ 50. Kf1 Rh2 51. Ra3 Rb2 52. Ra7
Rb1 53. Ke1 Bf3 54. b6 Rxd1+ 55. Kf2 Rd2+ 0-1

[Event "Ì17Â"]
[Site "Loo"]
[Date "2017.04.25"]
[Round "6.18"]
[White "Øàíäðûãèí, Íèêèòà."]
[Black "Âîéíèêîíèñ, Íèêèòà."]
[Result "1-0"]
[WhiteElo "2222"]
[BlackElo "2060"]
[PlyCount "34"]
[EventDate "2017.04.20"]

1. e4 c5 2. Nf3 d6 3. d4 Nf6 4. Nc3 cxd4 5. Qxd4 Nc6 6. Bb5 Bd7 7. Bxc6 Bxc6 8.
Bg5 e6 9. O-O-O Be7 10. Kb1 O-O 11. Rhe1 Rc8 12. Qxa7 Nxe4 13. Nxe4 Bxe4 14.
Rxe4 Bxg5 15. Qxb7 Rb8 16. Qa6 Bf6 17. b3 d5 {çàïèñü íåðàçáîð~~èâà} 1-0

[Event "Ì17Â"]
[Site "Loo"]
[Date "2017.04.25"]
[Round "6.19"]
[White "Ñìîð÷êîâ, Äàíèë."]
[Black "Áàáàíèí, Ãëåá."]
[Result "1-0"]
[WhiteElo "2151"]
[BlackElo "2054"]
[PlyCount "137"]
[EventDate "2017.04.20"]

1. d4 Nf6 2. c4 e6 3. Nc3 Bb4 4. Qc2 d5 5. cxd5 Qxd5 6. Nf3 Qf5 7. Qb3 Nc6 8.
e3 O-O 9. Be2 b6 10. O-O Bb7 11. a3 Bd6 12. Nb5 e5 13. Nxd6 cxd6 14. Bd2 e4 15.
Nh4 Qg5 16. g3 Nxd4 17. exd4 Qxd2 18. Qe3 Qxe3 19. fxe3 Rfd8 20. Rac1 Rac8 21.
Nf5 Kf8 22. Kf2 g6 23. Nh4 Ke7 24. Ng2 Rxc1 25. Rxc1 Rc8 26. Rxc8 Bxc8 27. h4
h6 28. b4 Nd5 29. Nf4 Nc3 30. Bc4 Bb7 31. Ke1 b5 32. Bb3 Nb1 33. a4 bxa4 34.
Bxa4 Nc3 35. Bb3 g5 36. Ne2 Nxe2 37. Kxe2 gxh4 38. gxh4 Bc8 39. Kf2 Be6 40. Ba4
d5 41. Kg3 Bd7 42. Bd1 Bb5 43. Kf4 Kf6 44. Bg4 Ke7 45. Ke5 Bc6 46. Bd1 f6+ 47.
Kf5 Be8 48. Bb3 Bf7 49. Ba4 Be6+ 50. Kg6 f5 51. Bd1 Bd7 52. Be2 Be8+ 53. Kg7
Bd7 54. Bh5 Be8 55. Bd1 h5 56. Be2 f4 57. exf4 Ke6 58. Kf8 Bg6 59. Kg7 Kf5 60.
Bb5 a6 61. Bxa6 Be8 62. b5 e3 63. b6 Bc6 64. Kh6 Kxf4 65. Kxh5 Kf5 66. Bd3+ Ke6
67. Kg5 Kd6 68. h5 Ba4 69. Kf4 1-0

[Event "Ì17Â"]
[Site "Loo"]
[Date "2017.04.25"]
[Round "6.20"]
[White "Çàé÷èêîâ, Àíäðåé."]
[Black "Àõòàðèåâ, Àíäðåé."]
[Result "1-0"]
[WhiteElo "2120"]
[BlackElo "2008"]
[PlyCount "179"]
[EventDate "2017.04.20"]

1. e4 c5 2. Nf3 Nc6 3. d3 d6 4. g3 g6 5. Bg2 Bg7 6. Nc3 e5 7. Bg5 f6 8. Be3
Nge7 9. Qd2 Nd4 10. O-O O-O 11. Ne1 f5 12. f4 Be6 13. Nf3 Nxf3+ 14. Bxf3 Rc8
15. fxe5 dxe5 16. Bg5 Qd7 17. Bg2 b6 18. Rad1 Nc6 19. Nd5 Bxd5 20. exd5 Nb4 21.
Qc3 f4 22. a3 Na6 23. Qc4 b5 24. Qe4 Rce8 25. Bh4 Nc7 26. c4 a6 27. b4 Qd6 28.
Rb1 Bf6 29. Bxf6 Rxf6 30. Kh1 g5 31. Qe2 Ref8 32. Be4 a5 33. Qh5 h6 34. Rbc1
axb4 35. axb4 bxc4 36. bxc5 Qxc5 37. Rxc4 Qd6 38. Rc6 Qd7 39. Rfc1 Nxd5 40. Qf3
Ne7 41. Rc7 Qd6 42. g4 R6f7 43. Rb7 Kg7 44. Rbc7 Kg8 45. Rb7 Kg7 46. Rbc7 Kh8
47. Ra7 Kg7 48. Rca1 Rc8 49. Qf1 Rc7 50. R7a6 Qc5 51. Qh3 Nc6 52. Qg2 Ne7 53.
Qf3 Rf6 54. R6a5 Qc3 55. R5a3 Qb2 56. R3a2 Rc1+ 57. Rxc1 Qxc1+ 58. Kg2 Rb6 59.
Qf2 Rb5 60. Qc2 Qxc2+ 61. Rxc2 Kf6 62. Kf3 Rb8 63. Ra2 Rh8 64. h4 gxh4 65. Ra6+
Kf7 66. Kg2 h5 67. g5 Rg8 68. Rf6+ Ke8 69. g6 Rg7 70. Kh3 Ng8 71. Rf5 Ne7 72.
Rxe5 Kd7 73. Rxh5 Ke6 74. Rxh4 Nxg6 75. Rh6 Kf7 76. Kg4 Kf6 77. Kh5 f3 78. Bxf3
Ke5 79. Rxg6 Rh7+ 80. Kg4 Rh2 81. Be4 Rd2 82. Kf3 Rd1 83. Rg5+ Kf6 84. Ra5 Rf1+
85. Ke3 Re1+ 86. Kd4 Rb1 87. Ra6+ Kg5 88. Rg6+ Kh4 89. Rf6 Kg5 90. Rf2 1-0

[Event "Ì17Â"]
[Site "Loo"]
[Date "2017.04.25"]
[Round "6.21"]
[White "Çàõàðîâ, Íèêîëàé."]
[Black "Ãîëèêîâ, Äàíèèë."]
[Result "1/2-1/2"]
[WhiteElo "1968"]
[BlackElo "2175"]
[PlyCount "78"]
[EventDate "2017.04.20"]

1. e4 e6 2. d4 d5 3. Nd2 c5 4. Ngf3 Nc6 5. exd5 Qxd5 6. Bc4 Qd8 7. dxc5 Bxc5 8.
O-O Nf6 9. Qe2 O-O 10. Ne4 Be7 11. Bg5 Nxe4 12. Bxe7 Qxe7 13. Qxe4 Kh8 14. Rfe1
Bd7 15. Rad1 Rae8 16. Ne5 Nxe5 17. Qxe5 Bc6 18. Bb5 f6 19. Qe2 Rc8 20. Bxc6
Rxc6 21. Rd2 h6 22. Red1 Rc7 23. h3 e5 24. c3 a6 25. Rd5 e4 26. Qg4 e3 27. fxe3
Qxe3+ 28. Kh1 Re7 29. Rd7 f5 30. Qb4 Rff7 31. Qxb7 Rxd7 32. Rxd7 Qe1+ 33. Kh2
Qe5+ 34. Kh1 Qe1+ 35. Kh2 Qe5+ 36. Kh1 Qe1+ 37. Kh2 Qe5+ 38. Kh1 Qe1+ 39. Kh2
Qe5+ 1/2-1/2